| 000 | 00591nam a2200157Ia 4500 | ||
|---|---|---|---|
| 008 | 151213s9999 xx 000 0 und d | ||
| 100 | _aঋঅতিন্দ্র পত্রী। | ||
| 245 |
_aবাংলাদেশের সাম্প্রতিক ভাবনা। _cঋঅতিন্দ্র পত্রী। |
||
| 250 | _a১ম সং | ||
| 260 |
_aঢাকা _bঅনুশীলন। _c1990 |
||
| 300 | _a4439 p. | ||
| 650 | _aBangla | ||
| 650 | _aইতিহাস গ্রন্থ | ||
| 700 | _aঋঅতিন্দ্র পত্রী। | ||
| 999 |
_c2814 _d2814 |
||